000 00419nam 22001573 4500
001 199205
090 _a199205
100 _a20251121d u||y0pory50 ba
200 _aHistória da grande revolução socialista de outubro
210 _a[s.l.]
_cEdições Progresso
_d1977
215 _a669 p.
_c21 cm
606 _91246
_aPolítica
675 _a32
_vPT
_zpor
801 _aPT
_bBMMN
_gRPC
830 _cFernando
_fFernando
990 _cLIVROS